Новый тип закрытых распределительных устройств для станций малой и средней мощности; Томский электромеханический ин-т инженеров железно-дорожного транспорта. Труды; Т. 13

Bibliografiske detaljer
Parent link:Томский электромеханический ин-т инженеров железно-дорожного транспорта. Труды
Т. 13.— 1948.— С. 113-118
Hovedforfatter: Кутявин И. Д.
Sprog:russisk
Udgivet: 1948
Fag:
Format: MixedMaterials Book Chapter
KOHA link:https://koha.lib.tpu.ru/cgi-bin/koha/opac-detail.pl?biblionumber=592434

MARC

LEADER 00000naa0a2200000 4500
001 592434
005 20250108163605.0
035 |a (RuTPU)RU\TPU\tpu\4504 
090 |a 592434 
100 |a 20011210d1948 k||y0rusy50 ca 
101 0 |a rus 
102 |a RU 
200 1 |a Новый тип закрытых распределительных устройств для станций малой и средней мощности  |f И. Д. Кутявин 
461 |t Томский электромеханический ин-т инженеров железно-дорожного транспорта. Труды 
463 |t Т. 13  |v С. 113-118  |d 1948 
610 1 |a электрические сети 
610 1 |a труды учёных ТПУ 
610 1 |a электрические системы 
610 1 |a электрические станции 
700 1 |a Кутявин  |b И. Д. 
801 0 |a RU  |b 63413507  |c 20011210  |g PSBO 
801 2 |a RU  |b 63413507  |c 20071213  |g PSBO 
942 |c CR